000 00265 a2200121 4500
001 146905
040 _cEscola São Tomás de Aquino
100 _aBANDEIRA, Pedro
240 1 0 _aPeter Pan
_lpor
245 1 0 _aPeter Pan
697 _a*LITERATURA INFANTO
942 _cBK
999 _c146905
_d146905